| 000 | 00528nmm a2200169Ia 4500 | ||
|---|---|---|---|
| 008 | 251105s9999||||xx |||||||||||||||||und|| | ||
| 020 | _a8497420306 | ||
| 041 | _aspa | ||
| 100 | _aFélix Tezanos, José | ||
| 245 | 0 |
_aLa democracia incompleta : _b El futuro de la democracia postliberal |
|
| 264 |
_a[Madrid, España] : _bBiblioteca Nueva, _c2002 |
||
| 300 | _a475 páginas | ||
| 490 | _aEnsayo Pensamiento | ||
| 650 | _aPolitical Science (General) | ||
| 856 | _uhttps://public.digitaliapublishing.com/a/4879 | ||
| 942 | _cCF | ||
| 999 |
_c74041 _d74041 |
||